| 000 | 00620nam a2200193 4500 | ||
|---|---|---|---|
| 999 |
_c164208 _d164208 |
||
| 005 | 20190514105813.0 | ||
| 010 | _aENG-125167 | ||
| 020 |
_a9788171921584 _c600.00 |
||
| 035 | _aEN-108699 | ||
| 037 | _bDBAD/PUB | ||
| 082 | _a808.02 | ||
| 100 | _aFarzana S. Ali | ||
| 245 |
_aSaadat Hassan Manto : _bIndo- Pak short story writer of partition stories/ _cby Farzana S. Ali |
||
| 260 |
_aNagpur _bDattsons _c2018 |
||
| 270 |
_aJawaharlal Nehru Marg, Sadar _bNagpur _e440001 _mdattsonspublishers@gmail.com |
||
| 300 |
_avii,107p. _c22cm(Hb) |
||
| 500 | _aIncludes index | ||
| 942 |
_2ddc _cEN _h808.02 _mFAR |
||